Series-1 - Estadísticas

Estadísticas generales
  • Esta prueba ha sido intentada 205 veces
  • La puntuación promedio es 12 de 18
Estadísticas de respuestas
Imagen Respuesta % Correcto
Élite
92%
Peaky Blinders
92%
Friends
89%
Modern Family
87%
Breaking Bad
83%
Anatomía de grey
78%
El príncipe de Bel-Air
74%
Física o química
74%
Cómo conocí a vuestra madre
71%
Futurama
71%
Prision Break
71%
Crónicas vampiricas
66%
Dos hombres y medio
66%
House
62%
Suits
56%
Machos alfa
50%
Las chicas de oro
25%
Frasier
5%
No se encontraron pruebas coincidentes
Distribución de puntuación
Porcentaje de gente con cada puntuación
Porcentaje por número respondido
Historial de tus puntuaciones
No has intentado esta prueba.